| 000 | 01269nam0a2200265 4500 | ||
|---|---|---|---|
| 001 | RU\NLR\bibl\136590 | ||
| 005 | 20260407114149.0 | ||
| 035 | _a(NLR Aleph) 000133791 | ||
| 090 |
_a764581 _c764581 |
||
| 100 | _a20010222d1999 |||y0rusy50 ca | ||
| 101 | 0 | _arus | |
| 102 | _aRU | ||
| 105 | _ay ||||||||| | ||
| 200 | 1 |
_aОрганизация противотуберкулезных мероприятий среди эпидемиологических актуальных категорий населения _eМетод. рекомендации N° 98/203 _fМ-во здравоохранения Рос. Федерации, С.-Петерб. НИИ фтизиопульмонологии |
|
| 210 |
_aСПб. _cБ.и. _d1999 |
||
| 215 |
_a15 с. _d20 |
||
| 606 | 0 |
_aГруппы социального риска _jМетодические пособия _xПротивотуберкулезная помощь _92196050 _3RU\NLR\auth\661319856 |
|
| 686 | _aР11(2)285.4я8 | ||
| 686 | _aР54-5я8 | ||
| 712 | 0 | 2 |
_4570 _aСанкт-Петербургский НИИ фтизиопульмонологии _3RU\NLR\AUTH\889946450 _9388481 |
| 801 | 0 |
_aRU _bNLR _c20010222 _gPSBO |
|
| 801 | 1 |
_aRU _bNLR _c20010222 |
|
| 942 | _cBOOK | ||
| 980 | _aNB | ||